LEADER 01079naa a2200217 u 4500 001 000000099779 003 CaOOAMICUS 005 20070226130200.0 008 051006s2002 it u000 u ita u 035 $a11062102 040 $aIAR$bita 100 1 $aFattori, Maria Teresa.$0(OLS)http://pul/name/42886 245 10$a[Recensione :] A. Menniti Ippolito: Il tramonto della curia nepotista. Papi, nipoti e burocrazia tra XVI e XVII secolo /$cMaria Teresa Fattori. 260 $aBologna :$bEd. Dehoniane,$c2002. 300 $aS. 828-832 ;$c22 cm 600 14$aMenniti Ippolito, Antonio,$d1960-$tTramonto della curia nepotista.$0(OLS)http://pul/subject/32019 730 0 $aCristianesimo nella storia$g[Spogli].$0(OLS)http://pul/title/7312 773 0 $aCristianesimo nella storia ;.$tvol. XXIII (2002) 773 0 $tCristianesimo nella storia$w()5012 996 $6245$a[Recensione :] A. Menniti Ippolito: Il tramonto della curia nepotista. Papi, nipoti e burocrazia tra XVI e XVII secolo$9(OLS)http://pul/title/126658 996 $6260$aBologna :$bEd. Dehoniane$9(OLS)http://pul/publisher/48282 LEADER 00887naa a2200205 u 4500 001 000000095339 003 CaOOAMICUS 005 20070226130142.0 008 040625s1978 it u000 u ita u 035 $a11002122 040 $aIAR$bita 100 1 $aDupre Theseider, Eugenio,$d1898-1975.$0(OLS)http://pul/name/4693 245 12$aL'eresia a Bologna nei tempi di Dante /$cE. Dupré Theseider. 260 $aBologna :$bPātron,$c1978. 300 $aS. 261-316, ;$c24 cm 650 4$aEresie ed eretici$zItalia$zBologna$ySec. XIII-XIV.$0(OLS)http://pul/subject/30356 773 0 $aMondo cittadino e movimenti ereticali nel medio evo. 773 0 $aDupre Theseider, Eugenio.$tMondo cittadino e movimenti ereticali nel medio evo : (saggi)$w()7797 996 $6245$aL'eresia a Bologna nei tempi di Dante$9(OLS)http://pul/title/122213 996 $6260$aBologna :$bPātron$9(OLS)http://pul/publisher/48272